| 000 | 00892nam a2200253Ia 4500 | ||
|---|---|---|---|
| 003 | OSt | ||
| 005 | 20220923211059.0 | ||
| 006 | a|||||r|||| 00| 0 | ||
| 007 | ta | ||
| 008 | Pun | ||
| 020 |
_a8178561476 (hbk) _c100 |
||
| 024 | _a243,640 | ||
| 037 |
_b307, 08/10/2010, H.K. Prakashan _cTextual |
||
| 040 |
_aARTS _cARTS _bPun |
||
| 041 |
_2Pun _aPun |
||
| 082 | _aO153,1M00,2:g, P5 | ||
| 100 |
_aਭਾਗਇੰਦਰ ਕੌਰ _9157974 |
||
| 245 | 0 |
_aਪੂਰਨ ਭਗਤ ਦੀ ਦੰਤ ਕਥਾ _b ਮਾਨਵੀ ਰਿFਤਿਆਂ ਦੇ ਬਦਲਦੇ ਪਰਿਪੇਖ |
|
| 260 |
_aਅਮ੍ਰਿਤਸਰ _b ਵਾਰਿਸ Fਾਹ _c2005 |
||
| 300 |
_a100ਪੰ _ccm. |
||
| 650 | _aਪੰਜਾਬੀ ਸਾਹਿਤ | ||
| 942 |
_hO153,1M00,2:g, P5 _cTEXL _2CC |
||
| 999 |
_c294946 _d294946 |
||